Statistics for The ULTIMATE Phineas and Ferb Quiz

Click here to take the quiz!

General Stats

  • This quiz has been taken 4,587 times
    (4,571 since last reset)
  • The average score is 23 of 37

Answer Stats

HintAnswer% Correct
Doesn't talk muchFerb
99%
Family's Pet PlatypusPerry
99%
Has a Triangle headPhineas
99%
Likes PhineasIsabella
96%
Smart Indian kidBaljeet
91%
Lives on a screen (Perry's boss)Major Monogram
86%
InternCarl
83%
Last Name of Perry's nemesisDoofenshmirtz
83%
Candace's BoyfriendJeremy
81%
Phineas's SisterCandace
80%
Isabella's pet dogPinky
79%
Ferb's girlfriendVanessa
77%
Doofenshmirtz's daughterVanessa
77%
First Name of Perry's nemesisHeinz
75%
Cute AlienMeap
73%
Candace's best friendStacy
73%
Jeremy's SisterSuzy
73%
Doofensmirtz's machine suffix-inator
69%
Baljeet's BullyBuford
68%
Mom of PhineasLinda
68%
Nationality of FerbBritish
67%
Name of Major Monogram's CompanyOWCA
61%
Giant robot man - Doofenshmirtz's ServentNorm
60%
Duck in costumeDuckyMoMo
55%
Mom's popstar nameLindana
52%
Doofenshmirtz's brotherRoger
51%
The Main Tri-State Area BandLove Handel
48%
Doofenshmirtz's Ex-WifeCharlene
41%
Dad of PhineasLawrence
41%
Major Monogram's sonMonty
39%
The Panda who Partnered with Perry the PlatypusPeter the Panda
38%
Candace's other friendJenny
35%
Obsessed with Phineas and FerbIrving
34%
Meap's nemesisMitch
26%
Isabella's MomVivian
22%
Pinky's NemesisProfessor Poofenplotz
18%
Suzy's dogFifi
6%

Score Distribution

Percentile by Number Answered

Percent of People with Each Score

Your Score History

You have not taken this quiz since the last reset